| 000 | 00756cac a2200241 a 4500 | ||
|---|---|---|---|
| 003 | CO-PeBPM | ||
| 005 | 20250403092948.0 | ||
| 007 | ta | ||
| 008 | 231129s1983||||ck a||||||||||||| ||spa|| | ||
| 020 | _a8425412986 | ||
| 040 |
_aCO-PeBPM _bspa _cCO-PeBPM _erda |
||
| 041 | _aspa | ||
| 082 | 0 | 4 |
_a150 B821p _222 |
| 100 | 1 | 0 |
_aBrandt, Gustav A. _eautor |
| 245 | 1 | 0 |
_aPsicologia y trabajo social _c/ Gustav A. Brandt |
| 260 |
_aBarcelona, España _b: Herder _c, c1983 |
||
| 300 |
_a391 páginas _bilustraciones en blanco y negro _c23,5 centimetros |
||
| 500 | _aIncluye índices | ||
| 504 | _aIncluye bibliografía al final del texto | ||
| 650 | 1 | 4 |
_aPsicología _2LEMB |
| 650 | 1 | 4 |
_aTrabajo social _2LEMB |
| 942 |
_2ddc _cBK |
||
| 999 |
_c23515 _d23515 |
||